| 000 | 00795nam a2200181Ia 4500 | ||
|---|---|---|---|
| 008 | 100921s9999 xx 000 0 und d | ||
| 082 |
_b37606 _a294.53 न 00 |
||
| 100 | _aसाठे विनायक वासुदेव. | ||
| 245 | _aअभंगगाथा खंड-1 भाग -2-1935-1953. | ||
| 260 |
_bसाठे ग्रंथ प्रकाशन मंडळी,रत्नागिरी. _c2000 |
||
| 300 |
_a835 _b--- |
||
| 365 | _b750 | ||
| 520 | _aधर्म-पूजा-स्तेात्रे-भजन. | ||
| 630 | _aअभंगगाथा खंड-1 भाग -2-1935-1953. | ||
| 650 | _aधर्म-पूजा-स्तेात्रे-भजन. | ||
| 730 | _aअभंगगाथा खंड-1 भाग -2-1935-1953. | ||
| 942 | _cBOOK | ||
| 999 |
_c786719 _d786716 |
||